00516 2200181 4500001002100000005001500021035002000036007000300056008004100059020002200100245007700122260003100199300004600230650001800276082001000294084001400304990001600318INLIS00000000000034820221027114720 a0010-1022000090ta221027 1 ind  a978-602-7893-76-4 aHHK Legenda: Asal Mula Selat Bali :bSebuah Pelajaran Agar Tidak Berjudi aJakarta :bHappy Holi KIds a37 halaman :bilustrasi berwarna ;c26 cm 4acerita rakyat a398.2 a398.2 HHK a00000000446